000
00304nam a22001457a 4500
008
230522b ||||| |||| 00| 0 eng d
020
_a
9782070389445
041
_a
FRA
080
_a
82
082
_a
82CLE
100
_a
38
101
_a
GJL
245
_a
DIEGO ET FRIDA
_c
CLEZIO.LE
942
_2
udc
_c
BK
999
_c
59797
_d
59797